01397cam a22003255a 45000010009000000050017000090080041000260200018000670200015000850400028001000500028001280820020001561110067001762450250002432500012004932600044005053000034005494900045005835000024006285040041006526500038006936500049007316530033007807000040008137000045008537000030008989420008009289990017009369520118009531468343920150811151042.0061229s2007 ne a frb 101 0 eng d a9780444528780 a0444528784 aDLCbengcDLCdEG-ScBUE00aQC176.8.N35bI5856 200604a621.36222bNAN2 aInternational Nanophotonics Symposiumn(3rd :d2006 :cHandai)10aNano biophotonics :bscience and technology : proceedings of the 3rd International Nanophotonics Symposium Handai July 6-8th 2006, Suita Campus of Osaka University, Osaka, Japan /cedited by Hiroshi Masuhara, Satoshi Kawata, and Fumio Tokunaga. a1st ed. aAmsterdam ;aOxford :bElsevier,c2007. axvi, 428 p. :bill. ;c25 cm.0 aHandai nanophotonics,x1574-0641 ;vv. 3 aIndex : p. 427-428. aIncludes bibliographical references. 0aNanophotonicsvCongresses.2BUEsh 0aUltrastructure (Biology)vCongresses.2BUEsh bENGGENcJune2015cAugust20151 aMasuhara, Hiroshi,d1944-,eeditor.1 aKawata, Satoshi,d1966-,933145eeditor.1 aTokunaga, Fumio,eeditor. 2ddc c19544d19516 00102ddc40708BaccahaMAINbMAINc1STd2015-06-10epurchasel0o621.36 NANp000038396r2025-07-15 00:00:00yBB